What Movie? Siblings in Movies Quiz Stats

 Plays Quiz Updated Feb 19, 2015

Challenge
Share
Tweet
Score 0/25 Timer 08:00
5 Plays Today
% Correct
The Incredibles
93.3%
The Sound of Music
92.1%
The Hunger Games: Catching Fire
85.6%
The Shining
85.2%
The Addams Family
83.9%
The Aristocats
79.1%
Little Miss Sunshine
77.4%
Mrs. Doubtfire
71.6%
American Pie
66.6%
The Goonies
63.5%
Hook
59.2%
10 Things I Hate About You
55%
To Kill a Mockingbird
53.9%
% Correct
Pleasantville
53.2%
Jumanji
52.6%
Beethoven
50.8%
The Sandlot
46.6%
Hocus Pocus
36.2%
War of the Worlds
34.2%
Almost Famous
33.1%
The Lost Boys
31.9%
Lost in Space
31.9%
Knocked Up
27.7%
Signs
25%
The Descendants
22.9%

You're not logged in!

Compare scores with friends on all Sporcle quizzes.
OR
Log In

You Might Also Like...

Show Comments

Extras

Top Quizzes Today


Score Distribution

Your Account Isn't Verified!

In order to create a playlist on Sporcle, you need to verify the email address you used during registration. Go to your Sporcle Settings to finish the process.

Report this User

Report this user for behavior that violates our Community Guidelines.

Details: